000 00574cam a2200217 a 4500
001 1842938
005 20180208044610.0
008 810804s1982 nyua b 001 0 eng
010 _a 81013669
020 _a0070010781 :
_c$24.95
040 _aDLC
_cDLC
_dDLC
041 _aeng
080 _a658.4012 ALL
082 0 0 _a658.4012 ALL
_219
100 1 _a54
101 _aMEN
245 1 0 _aMaking managerial planning more effective /
_cLouis A. Allen.
504 _aBibliography: p. 283-290.
906 _a7
_bcbc
_corignew
_d1
_eocip
_f19
_gy-gencatlg
942 _2ddc
_cBK
999 _c42116
_d42116